000
00250nam a2200109Ia 4500
008
190216s9999||||xx |||||||||||||| ||und||
100
_a
Malhotra A M & Phull Ds
245
0
_a
Cat
260
_b
Bright Careers
_c
1999
300
_a
460p
942
_c
REF
999
_c
36428
_d
36428